Coldplay : From which Parachutes song is this extract taken? - Statistics

General Stats
  • This quiz has been taken 30 times
  • The average score is 9 of 11
Answer Stats
Hint Answer % Correct
I came along I wrote a song for you And all the things you do Yellow
100%
Bones, sinking like stone, all what we fought for. Homes, places here we've grown, all of us are done for. (This is the best song ever made) Don't Panic
96%
And if we don't hide here They're gonna find us Spies
92%
So I turned to run The thought of all the stupid things I've done Trouble
92%
But I promise you this I'll always look out for you Yeah, that's what I'll do Sparks
88%
In a haze, a stormy haze I'll be 'round, I'll be loving you always, always Here I am, and I'll take my time Here I am, and I'll wait in the line always, always Parachutes
85%
So you know how much I need you But you never even see me do you? And is this my final chance of getting you? Shiver
85%
Can anybody stop this thing Before my head explodes, before my head starts to ring? High speed
81%
So if you ever feel neglected And if you think that all is lost Everything's not lost
77%
I want to live life and always be true And I want to live life and be good to you We never change
69%
Well, if I was wrong well then I'm sorry But don't let it stand in our way Life is for living
58%
No matching quizzes found
Score Distribution
Percent of People with Each Score
Percentile by Number Answered
Your Score History
You have not taken this quiz